000 00431nam a2200193Ia 4500
005 20240823042217.0
008 240823s9999||||xx |||||||||||||| ||und||
041 _aENGLISH
082 _A530 N4
100 _aUbald Raj
245 0 _aAncillary Physics
250 _a1st
260 _c1994
_bIndira Public
500 _aTRANSFERED
650 _aPhysics
_bPhysics
700 _a Jose Robin G
942 _cBK
999 _c207334
_d207334